| 000 | 01192nam a2200217Ia 4500 | ||
|---|---|---|---|
| 999 |
_c37442 _d37442 |
||
| 001 | 3401 | ||
| 003 | GE_BSU | ||
| 005 | 20190607165539.0 | ||
| 008 | 181216s1979||||ge |||||||||||||| ||geo|| | ||
| 020 | _aთარგმანი მეხუთე შევსებ. და გადამ რუს. გამ. | ||
| 040 | _cGE_BSU | ||
| 041 | _ageo | ||
| 080 | _a621.165(075.8) შ–97 | ||
| 100 |
_aშჩეგლიაევი, ა. _92280 |
||
| 245 |
_aორთქლის ტურბინები;ტურბინების თბური პროცესის თეორია და კონსტრუქციები. ნაწ. ll : სახელმძღვ. / _cა.შჩეგლიაევი ; რედ : ვ.გოგსაძე. |
||
| 264 |
_aთბილისი : _bგანათლება, _c1986. |
||
| 300 |
_a250 გვ .: _c27 სმ _eნახაზები. |
||
| 653 | _aორთქლის ტურბინები;თბური პროცესის თეორია და კონსტრუქციები | ||
| 700 |
_aგოგსაძე, ვ _eრედაქტორი _9496 |
||
| 942 |
_cBK _2udc |
||